000 00631nam a2200229 a 4500
001 CL000065802
005 20240524070640.0
008 041025s2002 vm vie d
040 _aDLC
_bvie
_eAACR2
041 _avie
082 0 4 _a779.25
_bB1115H
100 1 _aNguyễn, Bá Hân
245 1 0 _aThời thơ ấu
_b: Childhood
_c/ Nguyễn Bá Hân
246 1 1 _aChildhood
260 _aTP. Hồ Chí Minh
_b: TP. Hồ Chí Minh
_c, 2002
300 _a99tr.
_b: minh họa hình ảnh
_c; 25 cm
653 0 _aChildren
653 0 _aPhotography of children
653 4 _aẢnh trẻ em
653 4 _aTrẻ em
942 _2ddc
_cBK
999 _c6
_d6